Movie Posters V Quiz Stats

 Plays Quiz Updated Jun 22, 2017

     
Support Sporcle.
Go Orange.
Score 0/24 Timer 06:00
16 Plays Today
Movie % Correct
Alice in Wonderland
88.7%
Ace Ventura: Pet Detective
87%
Mean Girls
87%
Brokeback Mountain
85.7%
The Social Network
82.7%
The Green Mile
78.3%
Ocean's 11
77.5%
My Big Fat Greek Wedding
70.2%
Clueless
63.4%
Million Dollar Baby
61.7%
Beverly Hills Cop
58.7%
Monsters vs. Aliens
57.9%
Movie % Correct
The Graduate
54.6%
A Few Good Men
52.1%
One Flew Over the Cuckoo's Nest
51.6%
Planes, Trains & Automobiles
49%
Dead Poets Society
41.8%
Pretty in Pink
41.1%
The Color Purple
34.3%
Desperado
32.3%
Dances With Wolves
31.3%
From Dusk till Dawn
30.9%
Raising Arizona
25.6%
Twelve Monkeys
22.1%

From the Vault

Music Notation: Scores (Basic)

by jyrops

Music 4m
This quiz might give you some treble.
Remove Ads.
Support Sporcle.
Get the best of Sporcle when you Go Orange. This ad-free experience offers more features, more stats, and more fun while also helping to support Sporcle. Thank you for becoming a member.

Show Comments

Extras

Top Quizzes Today


Score Distribution

Your Account Isn't Verified!

In order to create a playlist on Sporcle, you need to verify the email address you used during registration. Go to your Sporcle Settings to finish the process.

Report this User

Report this user for behavior that violates our Community Guidelines.

Details: